000 00210nam a22000857a 4500
008 170131b xxu||||| |||| 00| 0 eng d
100 _92692
_aMara.W
245 _aThe Four Occens
260 _aNew York
_bScholastic
_c2005
999 _c5853
_d5853